Construction Engineering & Management Of Projects ( For Infrastructure & Civil Works) (Record no. 35697)

MARC details
000 -LEADER
fixed length control field 00388nam a22001457a 4500
003 - CONTROL NUMBER IDENTIFIER
control field OSt
005 - DATE AND TIME OF LATEST TRANSACTION
control field 20221122144013.0
008 - FIXED-LENGTH DATA ELEMENTS--GENERAL INFORMATION
fixed length control field 221122b |||||||| |||| 00| 0 eng d
020 ## - INTERNATIONAL STANDARD BOOK NUMBER
International Standard Book Number 9788174092342
040 ## - CATALOGING SOURCE
Transcribing agency HU
082 ## - DEWEY DECIMAL CLASSIFICATION NUMBER
Classification number 690
100 ## - MAIN ENTRY--PERSONAL NAME
Personal name Sharma S.C
9 (RLIN) 30771
245 ## - TITLE STATEMENT
Title Construction Engineering & Management Of Projects ( For Infrastructure & Civil Works)
942 ## - ADDED ENTRY ELEMENTS (KOHA)
Source of classification or shelving scheme Dewey Decimal Classification
Koha item type Books like text book referance book
Suppress in OPAC No
Holdings
Withdrawn status Lost status Source of classification or shelving scheme Damaged status Not for loan Home library Current library Shelving location Date acquired Total Checkouts Full call number Barcode Date last seen Copy number Price effective from Koha item type
    Dewey Decimal Classification     IoT Library IoT Library General Stacks 11/22/2022   690/SHA/2011 IOTL0021599 11/22/2022 1 11/22/2022 Books like text book referance book
    Dewey Decimal Classification     IoT Library IoT Library General Stacks 11/22/2022   690/SHA/2011 IOTL0021600 11/22/2022 2 11/22/2022 Books like text book referance book
    Dewey Decimal Classification     IoT Library IoT Library General Stacks 11/22/2022   690/SHA/2011 IOTL0021601 11/22/2022 3 11/22/2022 Books like text book referance book